000 01059nam a2200217Ia 4500
003 OSt
005 20260611123202.0
008 210210b2001 xxu||||| |||| 00| 0 eng d
040 _cAL
041 _aKannada
082 _a306.74K CHEK
100 _aCHENNANNA VALIKARA.
_9166897
_dಚೆನ್ನಣ್ಣ ವಾಲೀಕಾರ
245 _aKarnataka devadasiyara samajo dharmika arthika shaikshanika samskratika mattu rajakiya samsyegala samagra adhyayan:
_bಕರ್ನಾಟಕ ದೇವದಾಸಿಯರ ಸಾಮಾಜೋ ಧಾರ್ಮಿಕ ಆರ್ಥಿಕ ಶೈಕ್ಷಣಿಕ ಸಾಂಸ್ಕೃತಿಕ ಮತ್ತು ರಾಜಕೀಯ ಸಮಸ್ಯೆಗಳ ಸಮಗ್ರ ಅಧ್ಯಯನ
260 _aGulabarga
_bDalit Bandaya Sahitya Prakashan Kendra
_c2001
300 _a776
650 _aDevadasiyaru
_9166898
650 _a THE COMPLETE STUDIES OF KARNATAK DEVADASIS SOCIO RELIGIOUS ECONOMICAL EDUCATIONAL CULTURAL AND POLITICAL PROBLEMS
_9265649
690 _aCulture
_9166899
906 _a058640
942 _2ddc
_cBK
999 _c105881
_d105881